| 000 | 00412nam a22001577a 4500 | ||
|---|---|---|---|
| 003 | BD-DhUL | ||
| 005 | 20180107094352.0 | ||
| 008 | 170124b xxu||||| |||| 00| 0 eng d | ||
| 040 |
_cBD-DhUL _dBD-DhUL |
||
| 082 |
_a830 _bGUM |
||
| 100 | 1 | _aGuerber, H.A. | |
| 245 |
_aManchen and errahlungon fur anfanger / _cGuerber |
||
| 260 |
_aLondon: _bHealth, _c1918. |
||
| 300 |
_a212p.: _bill., _c21cm. |
||
| 942 |
_2ddc _cBK |
||
| 999 |
_c154059 _d154059 |
||